000 01503nab a2200289 a 4500
005 20260223132255.0
008 991125c2014 sp fr p o 000 0 spa d
035 _aUPN01000205630
040 _aMX-MxUPN
_bspa
_cMX-MxUPN
_eaacr2
049 _aART-E
100 1 _aGalán Fajardo, Elena
100 1 _uegalan@hum.uc3m.es
100 1 _aRueda Laffond, José Carlos
245 1 3 _aCómo contar la historia. Estrategias de proximidad en la televisión argentina
506 0 _aAcceso abierto
520 3 _aEs un articulo de investigación se centra en el análisis del formato televisivo "Algo habrán hecho (por la historia argentina)", emitido en Telefe y Canal 13, entre 2005 y 2008. Se considera que la eficacia discursiva de este espacio se relaciona con el uso de distintos recursos que apelan a significaciones de proximidad. Ello se consigue por la interrelación de dispositivos discursivos y una evocación de corte divulgativo, con el fin de hacer accesible a una audiencia popular la historia pública más reciente.
650 2 _aIdentidad
_914114
653 0 _aRepresentación histórica
653 0 _aTelevisión
653 0 _aDocumentales
773 _gVol. 14, no. 3 (2014), p. 23-47
_tAthenea digital : revista de pensamiento e investigación social
_x1578-8946
856 4 _uhttps://atheneadigital.net/article/view/v14-n3-galan-rueda
856 4 _uhttps://doi.org/10.5565/rev/athenea.1244
902 _aGloria Jiménez/230226
905 _aArticulo
942 _cART-E
999 _c177731
_d177731